000 01351nam a22003617a 4500
003 CHAP
005 20220329142005.0
008 981201d1998 mx r 00110 spa d
010 _a76732
011 _a77704
035 _a87386
040 _cCHAP
090 _aTesis
100 0 0 _aTrucios Camarillo, Julián.
_9115350
245 1 0 _aPromoción genérica , una alternativa para incrementar las exportaciones de plátano de la región de Teapa, Tabasco
_c/por Julián Trucios Camarillo
260 _aChapingo, Méx. :
_bEl autor,
_c1998.
300 _a72 h.
502 _aTesis (Lic. en Comercio Internacional de Productos Agropecuarios) -- UACH. División de Ciencias Económico Administrativas
590 _aALEPH
_b10
_c20130110
_lUCH01
_h1426
590 _aBATCH-UPD
_b10
_c20130110
_lUCH01
_h0113
590 _aBATCH-UPD
_b10
_c20130110
_lUCH01
_h1724
590 _aBATCH-UPD
_b10
_c20130409
_lUCH01
_h2105
590 _aBATCH-UPD
_b10
_c20130410
_lUCH01
_h1107
590 _aBATCH-UPD
_b10
_c20130914
_lUCH01
_h1922
590 _aCONVERSION
_b10
_c20130109
_lUCH01
_h1342
650 1 4 _aPlátano
_xExportación.
_989236
650 1 4 _aPlátano
_xTabasco.
_989270
901 _aBK
905 _aAlejandra Carrasco M.
942 _cFOLL
949 _bBC
_cTES
_d33724000588414
_eTS2
_fc.2
_h33267
_i87386
_sb
949 _bBC
_cTES
_d873861
_eTS1
_h33266
_i87386
_sb
999 _c76732
_d76732